000 00324nam a22001097a 4500
008 150826b xxu||||| |||| 00| 0 eng d
020 _a0385115326
082 _a658.304 GUI
100 _aGUINTHER, JOHN
245 _aMORALISTS AND MANAGERS
_bPUBLIC INTEREST MOVEMENTS IN AMERICA
260 _aNEW YORK
_bANCHOR PRESS/DOUBLEDAY
_c1976
999 _c1100
_d1100